|
|
|
|
| LEADER |
00000naa2a2200000 4500 |
| 001 |
198191 |
| 005 |
20231031183857.0 |
| 035 |
|
|
|a (RuTPU)RU\TPU\book\216178
|
| 090 |
|
|
|a 198191
|
| 100 |
|
|
|a 20110624d2006 k y0rusy50 ca
|
| 101 |
0 |
|
|a rus
|
| 102 |
|
|
|a RU
|
| 200 |
1 |
|
|a Специализированные учебно-лабораторные комплексы для нужд высшего и среднего образования
|f А. А. Бакибаев, А. Ю. Яговкин, Д. М. Медведев
|
| 320 |
|
|
|a Библиогр.: 1 назв.
|
| 463 |
|
0 |
|0 (RuTPU)RU\TPU\book\143462
|t Лингвистические и культурологические традиции образования
|o тезисы VI Международной научно-практической конференции
|v С. 78-80
|d 2006
|p 187 с.
|
| 610 |
1 |
|
|a труды учёных ТПУ
|
| 700 |
|
1 |
|a Бакибаев
|b А. А.
|c химик
|c профессор Томского политехнического университета, доктор химических наук
|f 1960-
|g Абдигали Абдиманапович
|2 stltpush
|3 (RuTPU)RU\TPU\pers\27073
|
| 701 |
|
1 |
|a Яговкин
|b А. Ю.
|
| 701 |
|
1 |
|a Медведев
|b Д. М.
|c специалист в области микропримесей
|c инженер-проектировщик Томского политехнического университета
|g Дмитрий Михайлович
|2 stltpush
|3 (RuTPU)RU\TPU\pers\27800
|
| 801 |
|
1 |
|a RU
|b 63413507
|c 20110624
|
| 801 |
|
2 |
|a RU
|b 63413507
|c 20111220
|g RCR
|
| 942 |
|
|
|c BK
|